Rozvoj človeka, socialistický spôsob života, životnej úrovne a životného prostredia záverečné správy výskumu realizovaného v rokoch 1976-1980

Gespeichert in:
Bibliographische Detailangaben
Format: Buch
Sprache:Slowakisch
Veröffentlicht: Bratislava Výskumný ústav životnej úrovne 1982
Tags: Tag hinzufügen
Keine Tags, Fügen Sie das erste Tag hinzu!

MARC

LEADER 00000nam a2200000 4500
001 c133518
005 20181203150456.2
041 0 |a slo 
044 |a SK 
245 1 0 |a Rozvoj človeka, socialistický spôsob života, životnej úrovne a životného prostredia  |b záverečné správy výskumu realizovaného v rokoch 1976-1980 
264 1 |a Bratislava  |b Výskumný ústav životnej úrovne  |c 1982 
300 |a 187 s.